Vzestup a pád komunismu

Na minha lista:
Detalhes bibliográficos
Autor principal: Brown, Archie
Formato: Livro
Idioma:tcheco
Publicado em: Brno Jota 2011
Assuntos:
Tags: Adicionar Tag
Sem tags, seja o primeiro a adicionar uma tag!

MARC

LEADER 00000nam a2200000 4500
001 0149337
005 20230109100337.2
020 |a 978-80-7217-812-4 
041 0 |a cze 
044 |a CZ 
245 1 0 |a Vzestup a pád komunismu  |c Archie Brown 
264 1 |a Brno  |b Jota  |c 2011 
300 |a 901 s. 
610 2 0 |a politológia 
610 2 0 |a ideológia 
610 2 0 |a politika 
610 2 0 |a komunizmus 
610 2 0 |a socializmus 
610 2 0 |a moc štátna 
610 2 0 |a hnutie politické 
610 2 0 |a strany politické 
100 1 |a Brown, Archie